The Epic Ronaldo Quiz - Statistics

General Stats
  • This quiz has been taken 19 times
  • The average score is 7 of 15
Answer Stats
Question Answer % Correct
What Year Was He Born? 1985
94%
What Year Did Ronaldo NOT Win The Ballon D'or? 2018
76%
What Year Did He Win His First Trophy? 2002
71%
How Many Children Does Ronaldo Have? 5
71%
How Many La Liga's Did He Win? 2
53%
Who Got The Same Goals As Ronaldo In The 2020 Euro's? Patrick Schick
53%
How Many World Cup Knockout Goals Has He Got? 0
47%
How Many Club World Cup Titles Has He Got? 4
47%
Who Did He Debut Against In His 2nd Man Utd Debut? Newcastle
47%
What Was The Score In Ronaldo's Last Game For Real Madrid? 3-1
41%
Who Did He Overtake To Become All Time International Scorer? Ali Daei
35%
What Was His First Trophy In His Career? Supertaça Cândido De Oliveira
35%
Who Did He Overtake To Become All Time International Cap Maker? Bader Al-Mutawa
18%
Whats His Highest Scoring League Season? 48
6%
How Many Teams Has He Played For? 6
6%
No matching quizzes found
Score Distribution
Percent of People with Each Score
Percentile by Number Answered
Your Score History
You have not taken this quiz